دعاء محمد رسول الله صلى الله عليه وسلم خاتم الأنبياء والمرسلين / (رقم التسجيلة. 2949)

تفاصيل مارك
000 -الفاتح
حقل البيانات ثابتة الطول 01075cam a2200265a 44500
003 - محدد رقم الضبط
رقم الضبط OSt
005 - وقت وتاريخ اخر تعامل مع التسجيلة
رقم الضبط 20150408113742.0
008 - عناصر البيانات ثابتة الطول - معلومات عامة
حقل البيانات ثابتة الطول 030308s1999 ua g 00000 ara dd
040 ## - مصدر الفهرسة
وكالة الفهرسة الأصلية SA-RiAUC
لغة الفهرسة ara
وكالة النسخ SA-RiAUC
041 ## - رمز اللغة
رمز لغة النص/ المسارات الصوتية أو العنوان الانفرادي عربي
072 ## - رمز الفئه الموضوعية
رمز فئه الموضوع 028
مجموعة رمز فئه الموضوع الشريعة الإسلامية والفقه الإسلامي
082 04 - رقم تصنيف ديوى العشرى
رقم التصنيف 252 ا م د
092 ## - رقم استدعاء ديوى المحلى
رقم التصنيف 252
رقم المادة ا م د
100 1# - المدخل الرئيسى - إسم شخصى
الإسم الشخصى أحمد، محمد محمود.
9 (RLIN) 1675
245 10 - بيان العنوان
العنوان دعاء محمد رسول الله صلى الله عليه وسلم خاتم الأنبياء والمرسلين /
بيان المسئوليه,etc محمد محمود أحمد، موسى الخطيب.
250 ## - بيان الطبعة
بيان الطبعة ط. 1.
260 ## - PUBLICATION, DISTRIBUTION, ETC. (IMPRINT)
مكان الناشر او الموزع القاهرة
اسم الناشر او الموزع مركز الكتاب للنشر،
تاريخ النشر أو التوزيع 1419 = 1999
300 ## - الوصف المادى
التعداد 95 ص. ؛
أبعاد الوعاء 24 سم.0
440 ## - بيان السلسلة/مدخل إضافى-العنوان
العنوان آيات الدعاء في القرآن الكريم. 7
9 (RLIN) 1676
650 ## - المدخل الاضافى بالموضوع-مصطلح موضوعى
مصطلح موضوعي أو اسم جغرافي كعنصر مدخل الأدعية (إسلام)
مصدر الرأس أو المصطلح aucsh. 7
9 (RLIN) 302
650 ## - المدخل الاضافى بالموضوع-مصطلح موضوعى
مصطلح موضوعي أو اسم جغرافي كعنصر مدخل العبادات (فقه إسلامي)
مصدر الرأس أو المصطلح aucsh. 7
650 ## - المدخل الاضافى بالموضوع-مصطلح موضوعى
مصطلح موضوعي أو اسم جغرافي كعنصر مدخل الأدعية والأوراد
مصدر الرأس أو المصطلح aucsh.1
9 (RLIN) 1677
700 ## - المدخل الاضافى - اسم شخصى
الإسم الشخصى الخطيب، موسى.\\
9 (RLIN) 1678
942 ## - عناصر المدخل الإضافي( كوها)
مصدر التصنيف او مخطط الترفيف Dewey Decimal Classification
Koha [default] item type كتاب
المقتنيات
حالة الفقد نموذج السعر الفعال حالة تلف ليس للاعارة رقم الطلب تاريخ الاكتساب الموقع الحالي الفرع الرئيسي Date last seen Total Checkouts الباركود نوع المادة فى نظام كوها مصدر التصنيف او خطة الترفيف
  2013-03-10     252 ا م د 2011-05-17 مكتبة مجمع الطالبات بالمجمعة (EMF) مكتبة مجمع الطالبات بالمجمعة (EMF) 2013-03-10        
  2013-03-10     252 ا م د 2011-07-31 مكتبة مجمع الطالبات بالمجمعة (EMF) مكتبة مجمع الطالبات بالمجمعة (EMF) 2013-03-10   00022847 كتاب Dewey Decimal Classification
  2013-03-10     252 ا م د 2011-08-24 مكتبة مجمع الطالبات بالمجمعة (EMF) مكتبة مجمع الطالبات بالمجمعة (EMF) 2013-03-10   00023330 كتاب Dewey Decimal Classification